Statistics for Countries By Politicians

Click here to take the quiz!

General Stats

  • This quiz has been taken 32 times
  • The average score is 19 of 31

Answer Stats

NameCountry% Correct
Boris JohnsonUnited Kingdom
100%
Donald TrumpUnited States
100%
Xi JinpingChina
97%
Emmanuel MacronFrance
97%
Moon Jae-inSouth Korea
97%
Kim Jong-unNorth Korea
94%
Bashar al-AssadSyria
90%
Recep Tayyip ErdoğanTurkey
90%
Pope FrancisVatican City
90%
Scott MorrisonAustralia
84%
Jair BolsonaroBrazil
81%
Jacinda ArdernNew Zealand
81%
Stefan LöfvenSweden
81%
Sergio MattarellaItaly
77%
Guðni Th. JóhannessonIceland
71%
Michael D. HigginsIreland
61%
Arif AlviPakistan
45%
Martín VizcarraPeru
42%
Kaïs SaïedTunisia
42%
Qasym-Zhomart ToqaevKazakhstan
39%
Bidhya Devi BhandariNepal
35%
Pōhiva Tu'i'onetoaTonga
35%
Abdrabbuh Mansur HadiYemen
35%
Jioji KonroteFiji
32%
Simonetta SommarugaSwitzerland
29%
John MagufuliTanzania
29%
Faure GnassingbéTogo
26%
Julius Maada BioSierra Leone
23%
Kausea NatanoTuvalu
23%
Andrew HolnessJamaica
16%
Allen ChastanetSaint Lucia
10%

Score Distribution

Percentile by Number Answered

Percent of People with Each Score

Your Score History

You have not taken this quiz